000 00579cam a2200241 4500
001 J1873
008 090401t1993 xxu||||| |||| 00| 0 eng d
035 _a(Sirsi) u45909
041 _aeng
050 _a711.552
110 _aHealey and Baker
_91907
245 _aTakeup survey.
260 _aLondon
_bHealey and Baker
_c1993
300 _a7p. ; 30cm.
350 _a0
490 _aRetail Issues
_v3
650 _aRETAIL ISSUES
650 _aSHOPS
650 _aTAKE-UP
690 _aPROPERTY-COMMERCIAL PROPERTY-RETAIL PROPERTY
942 _n0
948 _c04/03/1997
999 _c91845
_d91845